000 00622 a2200169 4500
003 NUST
005 20230102160103.0
020 _a0975586009
040 _cNust
082 _a370.196,DIL
100 _aDil, Anwar
_96677
245 _aIntercultural education: reminiscences of U.S International University ( Vol-1 ) /
_cAnwar Dil
260 _aIslamabad
_bintercultural Forum
_c2004
300 _a432 p.;
505 _aPart-1: US Int'l university (Page-55), Part-2: reminiscences USIU alumni (Page-89), Part-3: U.S International University (Page-207), Part-4: Special sections (page-349).
942 _2ddc
_cBK
_k370.196,DIL
999 _c176875
_d176875